000 00349nam a2200133Ia 4500
008 150201s2007 xx 000 0 und d
082 _a614.44
_bH07V
100 _aVIDYA RATAN
245 _aHAND BOOK OF PREVENTICE & SOCIAL MEDICINE
250 _a2ND
260 _bJAYPEE BROTHERS
_aDELHI
_c2007
650 _aCOMMUNITY MEDICINE
942 _2ddc
_cBK
_010
999 _c1045
_d1045